[Event "TCh-BIH"]
[Site "Vogosca BIH"]
[Date "2007.06.07"]
[Round "6"]
[White "Jakovljevic,Vlado"]
[Black "Popovic,Dar"]
[Result "1-0"]
[WhiteElo "2419"]
[BlackElo "2025"]

1.Nf3 f5 2.c4 Nf6 3.d4 g6 4.g3 Bg7 5.Bg2 O-O 6.O-O d6 7.Nc3 c6 8.d5 e5 9.dxe6 Bxe6
10.Qd3 Qe7 11.Nd4 Nbd7 12.b3 Ne5 13.Qc2 Rad8 14.Nxe6 Qxe6 15.Ba3 Rfe8 16.Rad1 Nf7
17.Bb2 Ng5 18.Qc1 Nge4 19.Nxe4 Nxe4 20.Bxg7 Kxg7 21.Bxe4 Qxe4 22.Qa3 Qxe2
23.Qxa7 Rd7 24.Qa5 Qe5 25.Qd2 Qf6 26.Rfe1 Rxe1+ 27.Rxe1 Re7 28.Rxe7+ Qxe7
29.h4 h6 30.Qd4+ Kh7 31.Kh2 Qe6 32.b4 Qe2 33.a4 g5 34.hxg5 hxg5 35.a5 Qe1
36.Qb6 f4 37.gxf4 Kg6 38.b5 gxf4 39.bxc6 Qe2 40.Qd4 bxc6 41.Qxf4 Qh5+ 42.Kg3 Qxa5
43.Qxd6+ Kf7 44.Qxc6 Qg5+ 45.Kf3 Qh5+ 46.Ke3 Qg5+ 47.Ke2 Qe5+ 48.Kf1 Qa1+
49.Kg2 Qg7+ 50.Kf3 Qc3+ 51.Kg4 Qg7+ 52.Kf5 Qh7+ 53.Ke5 Qh5+ 54.Kd4 Qh4+ 55.Kd5 Qxf2
56.Qc7+ Kg8 57.Qd8+ Kf7 58.Kc6 Qa2 59.Qd5+ Ke7 60.Qc5+ Ke8 61.Kb7 Kd7 62.Qc6+ Ke7
63.c5 Qb3+ 64.Kc7 Qb4 65.Qb6 Qc3 66.Qd6+ Kf7 67.Kc8 Ke8 68.c6 Qa5 69.Qd7+ Kf8
70.Qd8+  1-0

[Event "8th UKR Universiad"]
[Site "Evpatoria UKR"]
[Date "2007.06.08"]
[Round "4"]
[White "Ajrapetjan,Y"]
[Black "Yeremenko,A"]
[Result "1-0"]
[WhiteElo "2389"]
[BlackElo "2056"]

1.d4 f5 2.Nf3 Nf6 3.g3 g6 4.Bg2 Bg7 5.O-O O-O 6.c4 d6 7.d5 c6 8.Nc3 Qe8 9.Nd4 Bd7
10.Qb3 Qc8 11.c5 Kh8 12.cxd6 exd6 13.Bf4 Ne8 14.Rfd1 Na6 15.dxc6 bxc6 16.Qa3 d5
17.Rac1 Qb7 18.Qe7 Kg8 19.Nxc6 Bxc6 20.Nxd5 Kh8 21.Rxc6 Qxc6 22.Nc7 Qa4 23.b3 Qxa2
24.Nxa8 Qxb3 25.Rc1 Nf6 26.Qxa7 Nb4 27.Bd6 Qb2 28.Rf1 Re8 29.Qb7 Bf8 30.Bxf8 Rxf8
31.Nc7 Ne4 32.Bxe4 fxe4 33.Nd5 Nd3 34.Qe7  1-0

[Event "ch-NED w"]
[Site "Hilversum NED"]
[Date "2007.06.21"]
[Round "3"]
[White "Middelveld,M"]
[Black "Bensdorp,L"]
[Result "0-1"]
[WhiteElo "2019"]
[BlackElo "2120"]

1.d4 f5 2.Nf3 Nf6 3.g3 g6 4.Bg2 Bg7 5.c4 O-O 6.O-O d6 7.Nc3 Qe8 8.d5 a5 9.Rb1 Na6
10.b3 Bd7 11.Nd4 h6 12.Bb2 g5 13.e3 f4 14.exf4 gxf4 15.Bf3 Qg6 16.Re1 Rae8
17.Ne6 Bxe6 18.dxe6 Nc5 19.Nd5 fxg3 20.fxg3 c6 21.Nf4 Qf5 22.Bd4 Ra8 23.Kg2 Nce4
24.Bxe4 Nxe4 25.Bxg7 Kxg7 26.Qd4+ Nf6 27.Rbc1 c5 28.Qc3 Kg8 29.Qf3 Ra7 30.a4 Qg5
31.Qd3 Kg7 32.Qc3 b6 33.Rc2 Kg8 34.Rf2 Raa8 35.Nh3 Qg7 36.Qd3 Ng4 37.Rxf8+ Rxf8
38.Nf4 Ne5 39.Qe3 Qg4 40.Rf1 Qf5 41.Qe2 Nc6 42.Rf2 Nd4 43.Qe3 Rf6 44.Nd5 Qxf2+
45.Qxf2 Rxf2+ 46.Kxf2 Kf8 47.Nxb6 Nxe6 48.Ke3 Nd4 49.g4 Nxb3 50.h4 Nd4 51.Ke4 Kf7
52.Kf4 Nc6 53.h5 Nd4 54.g5 Ne6+  0-1

[Event "Copa Puma Mercosur"]
[Site "Villa Martelli ARG"]
[Date "2007.07.01"]
[Round "10"]
[White "Pacheco,M"]
[Black "Rodriguez Vila,A"]
[Result "0-1"]
[WhiteElo "2405"]
[BlackElo "2547"]

1.d4 f5 2.g3 g6 3.Bg2 Bg7 4.Nf3 Nf6 5.O-O O-O 6.c4 d6 7.Nc3 Qe8 8.d5 c5 9.Bf4 h6
10.Qc1 g5 11.Bd2 Qh5 12.e3 Na6 13.Ne1 Ng4 14.h3 Ne5 15.b3 f4 16.g4 Bxg4 17.hxg4 Nxg4
18.Nf3 fxe3 19.fxe3 Be5 20.Ne2 Nb4 21.Bxb4 cxb4 22.Rb1 Bh2+ 23.Kh1 Bf4+  0-1

[Event "IM"]
[Site "Antwerp BEL"]
[Date "2007.07.03"]
[Round "4"]
[White "Ooms,A"]
[Black "Claesen,J"]
[Result "1-0"]
[WhiteElo "2222"]
[BlackElo "2260"]

1.d4 f5 2.Nf3 Nf6 3.g3 g6 4.Bg2 Bg7 5.O-O O-O 6.c4 d6 7.Nc3 Qe8 8.d5 a5 9.Nd4 Na6
10.Rb1 Nc5 11.b3 Bd7 12.a3 c6 13.b4 axb4 14.axb4 Nce4 15.Nxe4 fxe4 16.Ne6 Bxe6
17.dxe6 Ra2 18.Bb2 Qa8 19.b5 e3 20.f4 Ne8 21.Bc1 Qc8 22.Qd3 Qxe6 23.bxc6 bxc6
24.Bxc6 Nf6 25.Bxe3 Rc8 26.Rb6 Rxc6 27.Rxc6 Ng4 28.Bb6 Rxe2 29.h3 Nf6 30.f5 Qe4
31.Qxe4 Nxe4 32.fxg6 hxg6 33.Rc8+ Kh7 34.g4 Be5 35.Rf3 Re1+ 36.Kg2 Re2+ 37.Kf1 Rb2
38.Rf7+ Kh6 39.Be3+ g5 40.Rxe7 Ng3+ 41.Kg1 Ne2+ 42.Kf2 Nd4+ 43.Kf1 Rb1+ 44.Kg2 Rb2+
45.Bf2 Ne2 46.Kf3 Nf4 47.Rc6 Nd3 48.Be3 Kg6 49.Ke4 Kf6 50.Rxe5 Nxe5 51.Rxd6+ Ke7
52.Kxe5 Re2 53.Rd3  1-0

[Event "IM"]
[Site "Antwerp BEL"]
[Date "2007.07.05"]
[Round "6"]
[White "De Jong,JW"]
[Black "Claesen,J"]
[Result "1/2-1/2"]
[WhiteElo "2426"]
[BlackElo "2260"]

1.d4 f5 2.g3 Nf6 3.Bg2 g6 4.Nf3 Bg7 5.O-O O-O 6.c4 d6 7.Nc3 Qe8 8.Nd5 Nxd5
9.cxd5 Nd7 10.Ng5 Nf6 11.Qb3 a5 12.Ne6 a4 13.Qb4 Bxe6 14.dxe6 Ra7 15.d5 c5
16.dxc6  1/2-1/2

[Event "Open A"]
[Site "Kowalewo Pomorskie POL "]
[Date "2007.07.07"]
[Round "5"]
[White "Shishkin,Va UKR"]
[Black "Malaniuk,V"]
[Result "1/2-1/2"]
[WhiteElo "2543"]
[BlackElo "2522"]

1.d4 f5 2.Nf3 Nf6 3.g3 g6 4.Bg2 Bg7 5.O-O O-O 6.c4 d6 7.Nc3 Na6 8.b3 e5 9.dxe5 dxe5
10.Ba3 Qxd1 11.Raxd1 Re8 12.e4 f4 13.Rfe1  1/2-1/2

[Event "Inautomarket Open"]
[Site "Minsk BLR"]
[Date "2007.07.11"]
[Round "2"]
[White "Podolchenko,E"]
[Black "Trifonov,D"]
[Result "1-0"]
[WhiteElo "2458"]
[BlackElo "2292"]

1.d4 f5 2.Nf3 Nf6 3.g3 g6 4.Bg2 Bg7 5.O-O O-O 6.c4 d6 7.Nc3 Nc6 8.d5 Ne5
9.Nxe5 dxe5 10.e4 f4 11.gxf4 exf4 12.e5 Ng4 13.e6 Ne5 14.Re1 Nxc4 15.Re4 Nd6
16.Rxf4 b6 17.h4 Be5 18.Rg4 Rf5 19.Qc2 Qf8 20.Be3 Bb7 21.Rd1 Bg7 22.Ne2 Be5
23.Ng3 Bxg3 24.fxg3 Rd8 25.h5 Rxh5 26.Rxg6+ hxg6 27.Qxg6+ Qg7 28.Qxh5 Ne8
29.Bh6 Nf6 30.Bxg7 Nxh5 31.Be5 c6 32.d6 exd6 33.Bxd6 Ng7 34.e7 Ra8 35.Rf1 Ne8
36.Rf8+ Kg7 37.Be5+ Kg6 38.Be4+ Kg5 39.Rg8+  1-0

[Event "22nd North Sea Cup"]
[Site "Esbjerg DEN"]
[Date "2007.07.15"]
[Round "5"]
[White "Storgaard,M"]
[Black "Nielsen,JB"]
[Result "0-1"]
[WhiteElo "1955"]
[BlackElo "2232"]

1.d4 f5 2.Nf3 Nf6 3.g3 g6 4.Bg2 Bg7 5.O-O O-O 6.c4 d6 7.Nc3 Nc6 8.Bg5 Ne4
9.d5 Nxc3 10.bxc3 Na5 11.Qa4 c5 12.Bxe7 Qxe7 13.Qxa5 b6 14.Qa4 Bxc3 15.Rac1 Bb2
16.Rb1 Bd7 17.Qc2 Bg7 18.Ne1 Rab8 19.Nd3 g5 20.e3 a6 21.Rfe1 b5 22.cxb5 axb5
23.f4 h6 24.e4 fxe4 25.Bxe4 Qf6 26.fxg5 hxg5 27.Nf2 Bf5 28.Bxf5 Qxf5 29.Qxf5 Rxf5
30.Ne4 Rxd5 31.Red1 Bd4+ 32.Kg2 Kg7 33.Nc3 Rf5 34.Nxb5 Rf2+ 35.Kh1 Be5 36.a4 Rh8
37.a5 Rhxh2+ 38.Kg1 Rhg2+ 39.Kh1 Rxg3 40.Rf1 Ra2  0-1

[Event "Open A"]
[Site "Oberwart AUT"]
[Date "2007.07.15"]
[Round "9"]
[White "Hera,I"]
[Black "Gajewski,G"]
[Result "0-1"]
[WhiteElo "2526"]
[BlackElo "2556"]

1.d4 f5 2.g3 Nf6 3.Bg2 g6 4.Nf3 Bg7 5.O-O O-O 6.c4 c6 7.Nc3 Na6 8.d5 cxd5
9.cxd5 b6 10.d6 Bb7 11.dxe7 Qxe7 12.Bf4 Ne4 13.Nxe4 fxe4 14.Bd6 Qf6 15.Qb3+ Kh8
16.Be5 Qe7 17.Bxg7+ Qxg7 18.Nd2 d5 19.Rad1 Rac8 20.Nb1 Rc4 21.Qa3 Nc5 22.b3 Rc2
23.Qxa7 Qf6 24.Qa3 Ra8 25.Qb4 Raxa2 26.Rd2 Rxd2 27.Nxd2 Na6 28.Nxe4 dxe4
29.Qc4 Rd2 30.Bxe4 Rd4 31.Bxb7 Rxc4 32.bxc4 Nc5 33.Bd5 Qb2 34.e4 Nd3 35.f4 Kg7
36.e5 b5 37.Kh1 bxc4 38.Bxc4 Qb7+ 39.Kg1 Qb6+ 40.Kg2 Qc6+  0-1

[Event "Quebec Open"]
[Site "Montreal CAN"]
[Date "2007.07.22"]
[Round "3"]
[White "Chabot,R"]
[Black "Tu Hoang Thong"]
[Result "0-1"]
[WhiteElo "2251"]
[BlackElo "2483"]

1.d4 f5 2.g3 Nf6 3.Bg2 g6 4.Nf3 Bg7 5.c4 O-O 6.O-O d6 7.Nc3 Nc6 8.d5 Na5
9.Nd2 c5 10.Qc2 e5 11.b3 e4 12.Bb2 a6 13.Rae1 Rb8 14.e3 Ng4 15.f3 exf3 16.Bxf3 Ne5
17.Bg2 b5 18.cxb5 axb5 19.Ne2 Nd3 20.Bxg7 Nxe1 21.Qc3 b4 22.Qb2 Rf7 23.Rxe1 Rxg7
24.Nf4 Rf7 25.e4 Qf6 26.e5 dxe5 27.Rxe5 Bd7 28.Nc4 Nxc4 29.bxc4 b3 30.axb3 Rxb3
31.Qe2 Rb1+ 32.Kf2 Kf8 33.Ne6+ Bxe6 34.dxe6 Ra7 35.Bd5 Rba1 36.e7+ Rxe7 37.Rxe7 Qxe7
38.Qd2 Qf6 39.Kg2 Kg7 40.h4 f4 41.Qxf4 Qxf4 42.gxf4 Ra3  0-1

[Event "2nd Crete Summer Cup"]
[Site "Agios Nikolaos GRE"]
[Date "2007.07.24"]
[Round "4"]
[White "Ignatiadis,K"]
[Black "Mattsson,M"]
[Result "0-1"]
[WhiteElo "2277"]
[BlackElo "2007"]

1.d4 f5 2.g3 g6 3.Bg2 Bg7 4.Nf3 Nf6 5.O-O O-O 6.c4 d6 7.Nc3 c6 8.Re1 Nh5
9.d5 e5 10.dxe6 Bxe6 11.Bg5 Qc7 12.Qd3 h6 13.Be3 Na6 14.Nd4 Rae8 15.Nxe6 Rxe6
16.Qd2 Kh7 17.Bd4 Rfe8 18.Rad1 Nf6 19.e3 b6 20.Bxf6 Bxf6 21.Ne2 Be5 22.b4 Qc8
23.a3 Nb8 24.Nd4 Bxd4 25.Qxd4 c5 26.bxc5 dxc5 27.Qf4 Nd7 28.Bd5 Re5 29.Qf3 Nf6
30.Bc6 R8e6 31.Bb7 Qe8 32.h4 Qa4 33.Bd5 Re7 34.h5 Nxh5 35.Rd3 Nf6 36.Red1 Nxd5
37.Rxd5 Re4 38.Qe2 Qxc4 39.Qb2 Rg7 40.Rd8 Qf7 41.Qb5 Re7 42.Qc6 Rc7 43.Qd6 Rg8
44.Rxg8 Kxg8 45.f4 c4 46.e4 fxe4 47.g4 c3 48.Qe5 Qg7 49.Qxe4 Kh7 50.f5 gxf5
51.Qxf5+ Qg6 52.Rd7+ Rxd7 53.Qxd7+ Qg7 54.Qf5+ Kg8 55.Qc8+ Kf7 56.Qd7+ Kf6
57.Qd6+ Kf7 58.Qd5+ Ke7 59.Qb7+ Kf6 60.Qc6+ Kg5 61.Qd5+ Kf4 62.Qf5+ Ke3 63.Qe6+ Kd3
64.Qf5+ Ke3 65.Qe6+ Kd3 66.Qf5+ Kc4 67.Qe6+ Kb5 68.Qb3+ Ka5 69.Qb4+ Ka6 70.Qa4+ Kb7
71.Qe4+ Kb8 72.Qf4+ Kc8 73.Qf5+ Qd7 74.Qf8+ Kb7  0-1

[Event "IGM"]
[Site "Stara Pazova SRB"]
[Date "2007.07.26"]
[Round "2"]
[White "Grunberg,M"]
[Black "Skoko,Mil"]
[Result "1-0"]
[WhiteElo "2472"]
[BlackElo "2259"]

1.d4 f5 2.Nf3 Nf6 3.g3 g6 4.Bg2 Bg7 5.O-O O-O 6.c4 d6 7.Nc3 e6 8.b4 a5 9.b5 Nbd7
10.Qb3 Rb8 11.c5 d5 12.Bf4 Nh5 13.Rad1 Nxf4 14.gxf4 Nf6 15.Ne5 Bd7 16.e3 Be8
17.f3 Nh5 18.Rf2 Bf6 19.Qa3 Ra8 20.Bf1 Kg7 21.Rg2 Rg8 22.Qc1 Qe7 23.e4 Bxe5
24.fxe5 c6 25.exf5 exf5 26.bxc6 bxc6 27.Ne2 Bd7 28.Rd3 Rab8 29.f4 Kf7 30.Rh3 Ke6
31.Kh1 Rb4 32.a3 Rb7 33.Ng1 Rgb8 34.Be2 Rb3 35.Bxh5 gxh5 36.Rxh5 Be8 37.Rh3 Bg6
38.Qe1 Qd8 39.Rxb3 Rxb3 40.Rg3 Rb2 41.Nf3 Qb8 42.Qxa5 Rb1+ 43.Ng1 Bh5 44.Qa6 Qb7
45.Qxb7 Rxb7 46.Rh3 Bg6 47.Nf3 Kf7 48.Kg2  1-0

[Event "Sun Pawn Open"]
[Site "Ilichevsk UKR"]
[Date "2007.07.27"]
[Round "7"]
[White "Kochetkov,Vit"]
[Black "Khaetsky,R"]
[Result "1-0"]
[WhiteElo "2316"]
[BlackElo "2379"]

1.c4 f5 2.d4 Nf6 3.g3 g6 4.Bg2 Bg7 5.Nf3 O-O 6.O-O d6 7.Nc3 Qe8 8.d5 a5 9.Nd4 Na6
10.b3 Nc5 11.Ncb5 Qd8 12.Bb2 Bd7 13.e3 Nfe4 14.Qc2 c6 15.Nc3 Nxc3 16.Bxc3 Qc7
17.Rad1 cxd5 18.Bxd5+ e6 19.Bg2 Rac8 20.Rd2 e5 21.Nb5 Bxb5 22.cxb5 Rfd8 23.Bd5+ Kf8
24.Rc1 Qb6 25.a4 Rc7 26.Qd1 Rdc8 27.Rdc2 Ke7 28.Kg2 Ne4 29.Be1 Nf6 30.Rxc7+ Rxc7
31.Rxc7+ Qxc7 32.b4 axb4 33.Ba2 f4 34.exf4 exf4 35.Bxb4 fxg3 36.hxg3 b6 37.Qe2+ Kd8
38.Qe6 Ne8 39.Bd2 Qc8 40.Qd5 Qc5 41.Qa8+ Qc8 42.Qd5 Qc5 43.Qf7 Qf5 44.Qxf5 gxf5
45.Be3 Kc7 46.Be6 Nf6 47.Bxf5 Nd5 48.Bxh7 Nxe3+ 49.fxe3 d5 50.Kf3 Kd6 51.g4 Bh6
52.Ke2 Kc5 53.Bc2 Bg5 54.Kd3 Bf6 55.Bb3 Be5 56.g5 Bg7 57.e4 d4 58.Bd1 Be5
59.Ke2 Bf4 60.g6 Be5 61.Kf3 Kd6 62.Kg4 d3 63.Kf3 Kc5 64.Kg4 Kd6 65.Kf5 Bg7
66.a5 bxa5 67.b6 Kc6 68.Ke6 Kxb6 69.Kf7 Be5 70.g7 Bxg7 71.Kxg7 Kb5 72.e5  1-0

[Event "Sun Pawn Open"]
[Site "Ilichevsk UKR"]
[Date "2007.07.29"]
[Round "9"]
[White "Kochetkov,Vit"]
[Black "Ivanets,S"]
[Result "1/2-1/2"]
[WhiteElo "2316"]
[BlackElo "2208"]

1.Nf3 f5 2.d4 Nf6 3.g3 g6 4.Bg2 Bg7 5.O-O O-O 6.c4 d6 7.Nc3 Qe8 8.d5 a5 9.Nd4 Na6
10.b3 Bd7 11.Bb2 c6 12.Na4 c5 13.Ne6 Bxe6 14.dxe6 Rb8 15.Rb1 Qc8 16.Bxf6 Bxf6
17.Nb6 Qd8 18.Nd7 Nc7 19.Nxb8 Qxb8 20.e4 fxe4 21.Bxe4 Kh8 22.Qg4 Qc8 23.Rbe1 Qxe6
24.Qxe6 Nxe6 25.Bxg6 Nd4 26.Be4 b5 27.Kg2 Rb8 28.Bd3 b4 29.Be4 Rb6 30.g4 a4
31.Re3 axb3 32.axb3 Ra6 33.Rh3 Ra3 34.g5 Bxg5 35.Rxh7+ Kg8 36.Kh1 Ne2 37.Rh3 Kf8
38.Bd5 Ke8 39.Re1 Ra2 40.Be6 Kd8 41.Bg4 Nd4 42.Kg2 Kc7 43.Bd1 Rb2 44.Rh5 Bf6
45.Re3 Rb1 46.Rd3 Ne6 47.Kf3 Rb2 48.Rh6 Nd4+ 49.Kg2 Ne6 50.Kg3 Be5+ 51.Kg4 Nf4
52.Rf3 Rd2 53.Rxf4 Bxf4 54.Kxf4 Rxd1 55.Re6 Kd7 56.Re3 Ke8 57.h4 Kf7 58.Kg5 Rg1+
59.Kf5 Rg2 60.Rf3 Rh2 61.Kg5+ Kg7 62.h5 Rg2+ 63.Kf5 Kf7 64.Ke4+ Ke6 65.Rh3 Rxf2
66.h6 Rf8 67.h7 Rh8 68.Rh1 Kf6 69.Kd5 Kg6 70.Ke6 Rxh7 71.Rxh7 Kxh7 72.Kxe7 d5  1/2-1/2

[Event "Ave-Kontakt Cup IMC"]
[Site "Olomouc CZE"]
[Date "2007.08.01"]
[Round "1"]
[White "Khamzin,O"]
[Black "Sondermann,J"]
[Result "1-0"]
[WhiteElo "2333"]
[BlackElo "2192"]

1.d4 f5 2.c4 Nf6 3.g3 g6 4.Bg2 Bg7 5.Nf3 O-O 6.O-O d6 7.Nc3 Qe8 8.d5 a5 9.Nd4 Na6
10.Rb1 Bd7 11.b3 c6 12.Bb2 Nc7 13.Qd2 Ra6 14.Rfe1 Qf7 15.e4 fxe4 16.Nxe4 cxd5
17.Ng5 Bh6 18.f4 Bxg5 19.fxg5 Ne4 20.Qe3 e5 21.cxd5 Qf2+ 22.Qxf2 Nxf2 23.Rec1 Ne8
24.Ne6 Rf7 25.Rc3 e4 26.Ba3 Ng7 27.Rf1 e3 28.Rxe3 Ng4 29.Rxf7 Kxf7 30.Nd8+ Kf8
31.Rc3 b5 32.Rc7 Ne5 33.Bb2 Ke8 34.Nc6 Bxc6 35.dxc6 Ne6 36.Rc8+ Ke7 37.h4 Ra7
38.Rb8 b4 39.Bd5  1-0

[Event "Jihlavanka Cup GMB"]
[Site "Olomouc CZE"]
[Date "2007.08.03"]
[Round "3"]
[White "Zakhartsov,V"]
[Black "Sluka,R"]
[Result "1-0"]
[WhiteElo "2559"]
[BlackElo "2354"]

1.d4 f5 2.g3 Nf6 3.Bg2 g6 4.c4 Bg7 5.Nf3 O-O 6.O-O d6 7.d5 c6 8.Nd4 Bd7 9.Nc3 Qc8
10.Re1 Nh5 11.Bf3 e5 12.dxe6 Bxe6 13.Nxe6 Qxe6 14.Nd5 Na6 15.Bxh5 gxh5 16.Nf4 Qxc4
17.Nxh5 Be5 18.Bh6 Rf7 19.Qd2 Qe6 20.Be3 Nc5 21.Nf4 Qf6 22.Bxc5 dxc5 23.Nd3 Bd6
24.Rac1 b6 25.e4 Re8 26.exf5 Rxe1+ 27.Rxe1 Qxf5 28.b3 Qd5 29.Re8+ Bf8 30.Qe2 Qd7
31.Re4 Re7 32.Rxe7 Bxe7 33.Ne5 Qe6 34.Qc4 Qxc4 35.bxc4 Bd6 36.Nxc6 a6 37.a4 Kf7
38.f4 Ke6 39.Kf2 b5 40.cxb5 axb5 41.axb5 c4 42.Ke3 Kd5 43.g4 c3 44.Ne5 Bb4
45.Kd3 Ba5 46.h4 Kc5 47.b6 Bxb6 48.Nd7+ Kb4 49.Nxb6 Kb3 50.Nc4 c2 51.Kd2  1-0

[Event "Ave-Kontakt Cup IMC"]
[Site "Olomouc CZE"]
[Date "2007.08.04"]
[Round "5"]
[White "Khamzin,O"]
[Black "Salai,L"]
[Result "1/2-1/2"]
[WhiteElo "2333"]
[BlackElo "2378"]

1.d4 f5 2.c4 Nf6 3.g3 g6 4.Bg2 Bg7 5.Nf3 O-O 6.O-O d6 7.Nc3 Qe8 8.d5 a5 9.Bd2 Na6
10.Qc1 Bd7 11.Bh6 Qf7 12.Bxg7 Qxg7 13.Nd4 Nc5 14.b3 Nfe4 15.Nxe4 Nxe4 16.Qe3 Nc5
17.f4 Kh8  1/2-1/2

[Event "FSIMB August"]
[Site "Budapest HUN"]
[Date "2007.08.07"]
[Round "2"]
[White "Koczo,K"]
[Black "Torma,R"]
[Result "1/2-1/2"]
[WhiteElo "2251"]
[BlackElo "2325"]

1.d4 f5 2.c4 Nf6 3.g3 g6 4.Bg2 Bg7 5.Nf3 O-O 6.O-O d6 7.Nc3 Qe8 8.d5 Na6
9.Rb1 Nc5 10.Be3 Nfe4 11.Nxe4 Nxe4 12.Nd2 Nxd2 13.Qxd2 b6 14.Bd4 Bxd4 15.Qxd4 Rb8
16.f4 e5 17.dxe6 Bxe6 18.e4 fxe4 19.Bxe4 Qf7 20.Rbc1 Qf6 21.Qxf6 Rxf6 22.Bd5 Bxd5
23.cxd5 Rf7  1/2-1/2

[Event "12th WY U16 Ol"]
[Site "Singapore SIN"]
[Date "2007.08.08"]
[Round "6"]
[White "Anas,N"]
[Black "Khademi,M"]
[Result "1-0"]
[WhiteElo "2230"]
[BlackElo "2253"]

1.d4 f5 2.Nf3 Nf6 3.c4 g6 4.g3 Bg7 5.Bg2 O-O 6.O-O d6 7.Nc3 c6 8.h3 a5 9.Qc2 Qc7
10.Bf4 h6 11.d5 g5 12.Bd2 cxd5 13.cxd5 Nxd5 14.Qb3 Bxc3 15.bxc3 e6 16.h4 Na6
17.hxg5 Nc5 18.Qc2 Ne4 19.Rac1 Qf7 20.c4 Nb4 21.Qb2 e5 22.gxh6 Be6 23.Ng5 Nxg5
24.Bxg5 Qh5 25.Be7 Rf7 26.Bxd6 Qxh6 27.Qxe5 Rh7 28.Rfd1 f4 29.g4 Bxg4 30.Qxf4 Qg6
31.Qg3 Qh5 32.f3 Rg7 33.fxg4 Rxg4 34.Qf3  1-0

[Event "Scandinavian Chess Tournament"]
[Site "Taby SWE"]
[Date "2007.08.10"]
[Round "9"]
[White "Bator,R"]
[Black "Logdahl,H"]
[Result "1/2-1/2"]
[WhiteElo "2367"]
[BlackElo "2250"]

1.d4 f5 2.g3 Nf6 3.Bg2 g6 4.Nf3 Bg7 5.c4 O-O 6.O-O d6 7.Nc3 Nc6 8.d5 Ne5
9.Nxe5 dxe5 10.c5 h6 11.Qb3 Kh8 12.Rd1 g5 13.Bd2 e4 14.Be1 a6 15.f3 e3 16.f4 Qe8
17.Rd3 Qh5 18.Nd1 Qxe2 19.Rxe3 Qh5 20.Rxe7 Bd7 21.Qf3 Qxf3 22.Bxf3 Rae8 23.Rxe8 Rxe8
24.Bd2 Ne4 25.Be3 gxf4 26.Bxf4 Nxc5 27.Bxc7 Re1+ 28.Kg2 Bd4 29.Bb6 f4 30.Bh5 Rg1+
31.Kf3 Rf1+ 32.Kg2 Rg1+ 33.Kf3 Rf1+ 34.Kg2  1/2-1/2

[Event "Open"]
[Site "Callao PER"]
[Date "2007.08.11"]
[Round "4"]
[White "Avalos Parra,J"]
[Black "Rodriguez Vila,A"]
[Result "0-1"]
[WhiteElo "2267"]
[BlackElo "2547"]

1.d4 f5 2.g3 g6 3.Bg2 Bg7 4.Nf3 Nf6 5.O-O O-O 6.c4 d6 7.b4 Qe8 8.Bb2 Nc6
9.b5 Nd8 10.a4 h6 11.Nbd2 g5 12.Qc2 Qh5 13.Rfe1 f4 14.e4 Bh3 15.e5 dxe5 16.Rxe5 e6
17.Bh1 Nf7 18.Rc5 Rac8 19.Nh4 b6 20.Bf3 Bg4 21.Ng6 Nd6 22.Rc6 Bxf3 23.Nxf3 Qxf3
24.Ne7+ Kf7 25.Nxc8 Rxc8 26.c5 Nde4 27.Ra3 Qh5 28.f3 fxg3 29.fxe4 gxh2+ 30.Kh1 Kg8
31.Ra1 Ng4 32.cxb6 axb6 33.Qe2 Rf8 34.Rf1 Rxf1+ 35.Qxf1 Qh4  0-1

[Event "Open"]
[Site "Callao PER"]
[Date "2007.08.12"]
[Round "7"]
[White "Cordova,Em"]
[Black "Rodriguez Vila,A"]
[Result "1/2-1/2"]
[WhiteElo "2492"]
[BlackElo "2547"]

1.d4 f5 2.g3 g6 3.Bg2 Bg7 4.Nf3 Nf6 5.O-O O-O 6.c4 d6 7.Nc3 Qe8 8.d5 c5 9.Rb1 Na6
10.b3 h6 11.Bb2 g5 12.Nd2 Nc7 13.e4 f4 14.e5 dxe5 15.Qe2 Bf5 16.Rbd1 Qg6
17.Qxe5 Na6 18.Qxe7 Rf7 19.Qd6 Rd7 20.Qe5 Re8 21.Nf3 Ng4 22.Qxe8+ Qxe8 23.Rfe1 Qh5
24.d6 Bd4 25.Rxd4 cxd4 26.Nd5 Qf7 27.h3 fxg3 28.fxg3 Ne3 29.Ne5 Nxg2 30.Nxf7 Nxe1
31.Nxh6+ Kf8 32.Nxf5 Nc5 33.Kf1 Nf3 34.Kf2 Nd3+ 35.Kxf3 Nxb2 36.Ke2 Kf7 37.Kd2 Ke6
38.Nxd4+ Kxd6 39.Kc2 Nxc4 40.bxc4 Rh7 41.Nf3 Rxh3 42.Nxg5 Rh2+ 43.Kb3 Rg2
44.Nc3 Kc6 45.Nge4 a6 46.c5 b5 47.cxb6 Kxb6 48.Nd5+ Kc6 49.Ndc3 a5 50.a3 Rg1
51.Ka4 Kb6 52.Nd5+ Ka6 53.Ndf6 Rd1 54.g4 Rd4+ 55.Kb3 Rd3+ 56.Kb2 Kb5 57.g5 Re3
58.Nc3+ Kc4 59.Nfe4 Rh3 60.Kc2 a4 61.Nd6+ Kc5 62.Nde4+ Kd4 63.Nd1 Rxa3 64.Nec3 Rb3
65.Nxa4 Rg3 66.Nac3  1/2-1/2

[Event "17th Chess Festival"]
[Site "Abu Dhabi UAE"]
[Date "2007.08.13"]
[Round "2"]
[White "Khismatullin,D"]
[Black "Khader,S"]
[Result "1/2-1/2"]
[WhiteElo "2566"]
[BlackElo "2422"]

1.d4 f5 2.c4 Nf6 3.Nf3 g6 4.g3 Bg7 5.Bg2 O-O 6.O-O d6 7.Nc3 Qe8 8.d5 e5 9.dxe6 Bxe6
10.Nd4 Bxc4 11.Bxb7 Nbd7 12.Bxa8 Qxa8 13.Qa4 Nb6 14.Qc2 c5 15.Nf3 d5 16.Bf4 d4
17.Na4 Qd5 18.Rac1 Bb5 19.Nxc5 Rc8 20.Rfd1 Nfd7 21.b4 Nxc5 22.bxc5 Na4 23.Qb3 Qxb3
24.axb3 Nc3 25.Kg2 Nxd1 26.Rxd1 Bxe2 27.Rd2 d3 28.Ra2 Bxf3+ 29.Kxf3 Rxc5
30.Rxa7 Rb5 31.Ra8+ Kf7 32.Ra7+ Kg8 33.Ra8+  1/2-1/2

[Event "17th Chess Festival"]
[Site "Abu Dhabi UAE"]
[Date "2007.08.19"]
[Round "8"]
[White "Ivanov,MM"]
[Black "Mamedjarova,Z"]
[Result "1-0"]
[WhiteElo "2455"]
[BlackElo "2384"]

1.d4 f5 2.Nf3 g6 3.g3 Bg7 4.Bg2 Nf6 5.c4 O-O 6.O-O d6 7.Nc3 Qe8 8.Nd5 Na6
9.Nxf6+ Rxf6 10.d5 c6 11.Be3 e5 12.dxe6 Rxe6 13.Bd4 Bxd4 14.Nxd4 Re7 15.e3 Qf8
16.Ne2 Be6 17.Rc1 Rd8 18.Qa4 Nc5 19.Qa3 Bf7 20.Rfd1 a6 21.b4 Ne4 22.Nc3 Nxc3
23.Qxc3 Red7 24.a4 Qe7 25.b5 d5 26.bxc6 bxc6 27.c5 Rb7 28.Qa5 Ra8 29.Rb1 Rab8
30.Rb6 Rxb6 31.cxb6 Qb7 32.Rb1 Ra8 33.h4 Be6 34.Qc5 a5 35.Bf3 h5 36.Be2 Kf7
37.Kh2 Bd7 38.f3 Be6 39.Bf1 Bd7 40.e4 Be6 41.Bd3 Bd7 42.exd5 cxd5 43.f4 Be6
44.Rb2 Qd7 45.Rc2  1-0

[Event "4th LGA Premium Cup"]
[Site "Nuernberg GER"]
[Date "2007.09.07"]
[Round "2"]
[White "Kopylov,M"]
[Black "Demburg,D"]
[Result "1-0"]
[WhiteElo "2458"]
[BlackElo "2125"]

1.d4 f5 2.g3 Nf6 3.Bg2 g6 4.Nf3 Bg7 5.O-O O-O 6.c4 d6 7.Nc3 a5 8.Re1 Nc6
9.d5 Nb4 10.Nd4 Nh5 11.e3 f4 12.Ne4 fxg3 13.hxg3 Na6 14.Qc2 Nf6 15.Ng5 Nc5
16.Bd2 e5 17.dxe6 c6 18.Bh3 Qe7 19.f4 Nh5 20.Bc3 Bf6 21.Ne4 Nxe4 22.Qxe4 Nxg3
23.Qg2 c5 24.Qxg3 cxd4 25.exd4 Bh4 26.Qg4 Bxe1 27.Rxe1 b5 28.Bg2 Rb8 29.d5 Rf5
30.Be4 Rh5 31.Bxg6  1-0

[Event "KNSB TCh-NED 2007-8"]
[Site "Netherlands NED"]
[Date "2007.09.15"]
[Round "1"]
[White "De Jong,JW"]
[Black "Nijboer,F"]
[Result "0-1"]
[WhiteElo "2430"]
[BlackElo "2568"]

1.d4 f5 2.g3 Nf6 3.Bg2 g6 4.Nf3 Bg7 5.O-O O-O 6.c4 d6 7.Nc3 c6 8.Re1 Na6
9.Rb1 Nc7 10.b4 Be6 11.Qd3 d5 12.c5 Ne4 13.Bf4 Bf7 14.a4 Ne6 15.Be5 Bf6 16.Bxf6 exf6
17.Nd2 g5 18.f3 Nxc3 19.Qxc3 f4 20.e3 fxg3 21.hxg3 Qc7 22.Kf2 Ng7 23.b5 Bg6
24.Rb3 h5 25.bxc6 bxc6 26.a5 Rab8 27.e4 h4 28.gxh4 Nh5 29.e5 Nf4 30.Rg1 fxe5
31.Rxb8 Rxb8 32.Bf1 Qh7 33.Rg4 Bf5 34.Rxg5+ Kf7 35.h5 Ne6 36.Ne4 Bxe4 37.Rxe5 Bf5  0-1

[Event "3rd Geller mem Open A"]
[Site "Odessa UKR"]
[Date "2007.09.15"]
[Round "8"]
[White "Korobkov,P"]
[Black "Malaniuk,V"]
[Result "1/2-1/2"]
[WhiteElo "2423"]
[BlackElo "2522"]

1.d4 f5 2.g3 Nf6 3.Bg2 g6 4.Nf3 Bg7 5.O-O O-O 6.c4 d6 7.Nc3 c6 8.d5 e5 9.dxe6 Bxe6
10.b3 Na6 11.Bb2 Qe7 12.Ng5 Rad8 13.Nxe6 Qxe6 14.Qc2 Nc5 15.Rad1 Rfe8 16.b4 Nce4
17.Nxe4 Nxe4 18.Bxg7 Kxg7 19.e3 d5 20.cxd5 Rxd5 21.Rxd5 Qxd5 22.Rd1 Qe5 23.a3 Re7
24.Rd4  1/2-1/2

[Event "17th Senior WCh"]
[Site "Gmunden AUT"]
[Date "2007.09.20"]
[Round "4"]
[White "Busu,C"]
[Black "Vasiukov,E"]
[Result "0-1"]
[WhiteElo "2381"]
[BlackElo "2486"]

1.d4 f5 2.Nf3 Nf6 3.g3 g6 4.Bg2 Bg7 5.O-O O-O 6.c4 d6 7.Nc3 Qe8 8.Nd5 Nxd5
9.cxd5 c6 10.dxc6 bxc6 11.Re1 Nd7 12.Bd2 Nf6 13.Qc1 Rb8 14.b3 Bd7 15.Bh6 Qf7
16.Bxg7 Qxg7 17.h4 h6 18.Bh3 Kh8 19.Nd2 Rb4 20.e3 g5 21.hxg5 hxg5 22.a3 Rbb8
23.Bg2 Rbc8 24.e4 Ng4 25.Nf3 f4 26.e5 Qh6 27.Ra2 Be6 28.exd6 exd6 29.Rxe6 Qxe6
30.Nxg5 Qh6 31.Nh3 f3 32.Qxh6+ Nxh6 33.Bf1 Rce8 34.Nf4 Rf6 35.Ra1 Nf5 36.Rd1 d5
37.Rd3 Re1 38.Rxf3 Nxd4 39.Rd3 Rxf4 40.gxf4 Ne2+ 41.Kh2 Rxf1 42.Re3 Rxf2+
43.Kh1  0-1

[Event "27th Open"]
[Site "Munich GER"]
[Date "2007.10.04"]
[Round "6"]
[White "Egger,T"]
[Black "Deglmann,L"]
[Result "1/2-1/2"]
[WhiteElo "2238"]
[BlackElo "2320"]

1.Nf3 g6 2.g3 Bg7 3.d4 f5 4.Bg2 Nf6 5.O-O O-O 6.c4 d6 7.Nc3 Qe8 8.d5 a5 9.Nd4 Na6
10.Rb1 Nc5 11.Ncb5 Qd8 12.b3 Nce4 13.Bb2 Bd7 14.Nc3 Nxc3 15.Bxc3 Qe8 16.Qd3 c5
17.Ne6 Bxe6 18.dxe6 Ne4 19.Bxg7 Kxg7 20.Bxe4 fxe4 21.Qxe4 Qc6 22.Qd3 Qc8
23.a4 Qxe6 24.e4 g5 25.f3 Qf6  1/2-1/2

[Event "Open"]
[Site "Corfu GRE"]
[Date "2007.10.06"]
[Round "6"]
[White "Zierke,O"]
[Black "Papenbrock,V"]
[Result "1/2-1/2"]
[WhiteElo "2300"]
[BlackElo "2188"]

1.d4 f5 2.Nf3 g6 3.g3 Bg7 4.Bg2 Nf6 5.O-O O-O 6.c4 d6 7.Nc3 Nc6 8.d5 Na5
9.Nd2 c5 10.a3 Bd7 11.Rb1 Rc8 12.b3 a6 13.a4 Rb8 14.Qc2 b5 15.axb5 axb5 16.cxb5 Bxb5
17.b4 cxb4 18.Rxb4 Bd7 19.Ba3 Qc7 20.Qd3 Ng4 21.Nb5 Qc5 22.Rxg4 Bxb5 23.Bxc5 Bxd3
24.Ra4 Bc3 25.exd3 Bxd2 26.Be3 Nb3 27.Ra7 Kf7 28.Rd1 Bxe3 29.fxe3 Rfc8 30.d4 Nc1
31.Rd2 Rb1 32.Kf2 Rc3 33.Bf1 Rbb3 34.Ra1 Rb7 35.Ra8 Rbb3 36.Ra1 Rb7 37.Ra8 Rbb3  1/2-1/2